005390000a22001450004500090001300000100003300013245011200046260002500158300001100183502005800194001000500252942000700257952011200264999001700376 aT M3669e1 aMartínez Ossa, Juan Carlos10aEstudio bíblico del Termino epithumia con referencia especial a Santiago 1:14 / Juan Carlos Martinez Ossa aMedellín, Colombia a89 Pag aTesis (licenciatura)--Seminario Bíblico de Colombia3660 cBK 001040708TGaFUSBCbFUSBCd2004-12-02l0o T M3669ep11698r2019-12-12 00:00:00t1w2016-01-26yTGB0C3 c34305d34305